Rural elite in an Indian state: a case study of Rajasthan (Record no. 19591)

MARC details
000 -LEADER
fixed length control field 00339nam a2200121Ia 4500
082 ## - DEWEY DECIMAL CLASSIFICATION NUMBER
Classification number 305.5209544 NAR-;
100 ## - MAIN ENTRY--AUTHOR NAME
Personal name Narain, Iqbal
245 #0 - TITLE STATEMENT
Title Rural elite in an Indian state: a case study of Rajasthan
260 ## - PUBLICATION, DISTRIBUTION, ETC. (IMPRINT)
Place of publication New Delhi
Name of publisher Manohar Publishers
Year of publication 1976
300 ## - PHYSICAL DESCRIPTION
Number of Pages 256p.
942 ## - ADDED ENTRY ELEMENTS (KOHA)
Koha item type Books
Holdings
Withdrawn status Lost status Damaged status Not for loan Home library Current library Date acquired Bill Date Full call number Accession Number Price effective from Koha item type
        NASSDOC Library NASSDOC Library 08/06/2004 2004-10-22 305.5209544 NAR-; 26148 18/04/2019 Books